000
00288nam a2200121Ia 4500
005
20251222140057.0
008
251222s1900||||xx |||||||||||||| ||spa||
082
_a
207/I31
100
_a
José Luis Idígoras
245
0
_a
La religión fenómeno popular
264
_b
Paulinas
942
_c
LIB
999
_c
3809
_d
3809